000 00500nam a22001817a 4500
003 CEME
005 20210628202733.0
008 210122b xxu||||| |||| 00| 0 eng d
020 _a0-470-04142-0
040 _cceme
082 _a530.15 BAY
100 _aBayin, S.Selcuk
_961344
245 _aMathematical methods in science and engineering
260 _aNEW AYORK
_bJOHN WILEY
_c2006
300 _aXXVII,679 P
650 _aMATHEMATICAL PHYSICS, ENGINEERING MATHEMICS
_961345
942 _cBK
_2ddc
999 _c570830
_d570830